| 000 | 02287cam a2200397 i 4500 | ||
|---|---|---|---|
| 001 | 19104336 | ||
| 005 | 20240216144937.0 | ||
| 008 | 160523s2016 enk b 001 0 eng | ||
| 010 | _a 2016942486 | ||
| 020 | _a9780198727644 (pbk.) | ||
| 038 | _aAZHAR | ||
| 040 |
_aDLC _beng _erda _cDLC |
||
| 042 | _apcc | ||
| 050 | 0 | 0 |
_aKZ1242.5 _b.D59 2016 |
| 082 |
_a341.0722 _bDIX |
||
| 100 | 1 |
_aDixon, Martin _q(Martin J.) _eauthor. _9120241 |
|
| 245 | 1 | 0 |
_aCases & materials on International law / _cMartin Dixon, Professor of the Law of Real Property, Univeristy of Cambridge, Fellow of Queen's College, University of Cambridge; Robert McCorquodale, Director, British Institute of International and Comparative Law, Professor of International Law and Human Rights, University of Nottingham; Sarah Williams, Associate Professor, Faculty of Law, University of New South Wales. |
| 246 | 3 | 0 | _aInternational law |
| 246 | 3 | _aCases & materials on international law | |
| 250 | _aSixth edition. | ||
| 264 | 1 |
_aOxford, United Kingdom ; _bOxford University Press, _c2016. |
|
| 300 |
_alxi, 731 pages ; _c25 cm |
||
| 336 |
_atext _btxt _2rdacontent |
||
| 337 |
_aunmediated _bn _2rdamedia |
||
| 338 |
_avolume _bnc _2rdacarrier |
||
| 504 | _aIncludes bibliographical references and index. | ||
| 505 | 0 | _aThe nature of the International legal system -- Sources of International law -- The law of treaties -- International law and domestic law -- Personality and recognition -- International human rights law -- Sovereignty over territory -- Jurisdictional sovereignty -- Immunities from national juristiction -- Law of the sea -- State responnsibility -- International environmental law -- International economic law -- International criminal law -- The use of force, collective security and peacekeeping -- Peaceful stettlement of International disputes. | |
| 650 | 0 |
_aInternational law _vCases. _9120242 |
|
| 700 | 1 |
_aMcCorquodale, Robert, _eauthor. _9120243 |
|
| 700 | 1 |
_aWilliams, Sarah, _d1974 January 4- _eauthor. _9120244 |
|
| 700 | 1 |
_aMcCorquodale, Robert. _tCases and materials on international law. _9120245 |
|
| 906 |
_a7 _bcbc _corigcop _d2 _eepcn _f20 _gy-gencatlg |
||
| 942 |
_2ddc _cBK |
||
| 999 |
_c607627 _d607627 |
||